Akta Perhutanan Negara 1984 (Akta 313)

Bibliographic Details
Corporate Author: MALAYSIA
Format: Book
Published: Kuala Lumpur : dicetak oleh Jabatan Percetakan Negara , 1984
Series:Undang-undang Malaysia
Subjects:

MARC

LEADER 00000cam a2200000 7i4500
001 0000000249
005 20011113.0
090 0 0 |a R346.04675595   |b MAL 1984 
110 1 0 |a MALAYSIA 
240 0 0 |a Akta Perhutanan Negara 1984 
245 0 0 |a Akta Perhutanan Negara 1984 (Akta 313) 
260 0 0 |a Kuala Lumpur :   |b dicetak oleh Jabatan Percetakan Negara ,   |c 1984 
300 |a 75 p. ;   |c 25 cm. 
440 0 0 |a Undang-undang Malaysia 
650 0 0 |a Forestry law and legislation   |z Malaysia 
998 |a JPS 
999 |a 0000001429   |b Monograph   |c Reference   |e Default branch 
999 |a 0000001964   |b Monograph   |c Reference   |e Default branch